000 00959cab a2200277 4500
001 ABS49071
008 090401t1993 xxu||||| |||| 00| 0 eng d
035 _a(Sirsi) u69772
041 _aeng
245 _aValuation theory of over rented buildings - a slice off the top?
260 _c1993
350 _a0
490 _aSouth African Valuer
_v(34) June 1993, 13-15(3)
520 _aTakes a hypothetical modern office block in Sydney as a case study of the `top slice` method of valuation, a form of the capitalisation of net income approach. It is seen to be appropriate in market conditions where over renting is widespread.
650 _aAUSTRALIA
650 _aFALLING MARKET
650 _aINCOME APPROACH
650 _aLEASE INCENTIVES
650 _aOVER-RENTED PROPERTY
650 _aTOP SLICE METHOD
650 _aTOP-SLICING
650 _aVALUATION METHODS
690 _aRATING AND VALUATION
942 _n0
948 _c04/03/1997
999 _c43860
_d43860